| 000 | 00574nam a2200217Ia 4500 | ||
|---|---|---|---|
| 008 | 210210b2011 xxu||||| |||| 00| 0 eng d | ||
| 020 | _a9780879698584 | ||
| 041 | _aeng | ||
| 082 | _a591.51 RYAI | ||
| 100 | _aRYAN (Michael J) | ||
| 245 |
_aIntroduction to animal behaviour _bAn integrative approach |
||
| 260 |
_aNew York _bCold Spring Harbor Laboratory Press _c2011 |
||
| 300 | _axi,258 | ||
| 650 | _ato | ||
| 650 | _aIntroduction | ||
| 650 | _abehaviour | ||
| 650 | _aanimal | ||
| 690 | _aAnimal Behaviour | ||
| 700 | _aWILCZYNSKI (Walter) | ||
| 906 | _a067215 | ||
| 999 |
_c149575 _d149575 |
||